00355nam a2200109 4500008004100000100001700041245011200058260000900170300001500179700001800194773003300212190412b ||||| |||| 00| 0 eng d aBrown, Eliza aTime, anticipation, and the life course: egg freezing as temporarily disentangling romance and reproduction c2018 ap.959-982. aPatrick, Mary aAmerican Sociological Review